Desarrollo humano (Registro nro. 3665)
[ vista simple ]
| 000 -CABECERA (24) | |
|---|---|
| Campo de control interno | 01964nmm a22002534a 4500 |
| 003 - IDENTIFICADOR DE CONTROL | |
| Campo control | BOLpUSFA |
| 005 - FECHA Y HORA DE CATALOGACION | |
| Campo de control | 20201001011745.0 |
| 008 - ELEMENTOS DE LONGITUD FIJA - INFORMACIÓN GENERAL | |
| Campo de control de longitud fija | t mx gq d z spa u |
| 041 ## - Código de idioma (R) | |
| Código de lengua del texto/banda sonora o título independiente (R) | spa |
| 044 ## - Código de país de la publicación | |
| Codigo ISO de pais | MX |
| 245 ## - Titulo | |
| Titulo | Desarrollo humano |
| Medio | [recurso electrónico] |
| 250 ## - Mencion de edicion | |
| Mencion de edicion | 13a. ed. |
| 260 ## - Editorial | |
| Ciudad | México D.F.: |
| Nombre de la Editorial | McGraw-Hill, |
| Fecha | 2015. |
| 300 ## - Descripcion | |
| Extension | 578 p.: |
| Otros detalles fisicos | il. |
| 520 ## - Resumen | |
| Resumen | El libro contiene lo siguiente: :<br/>Parte 1: Acerca del desarrollo humano 1. Estudio del desarrollo humano. 2. Teoría e investigación <br/>Parte 2: Orígenes 3. Formación de una nueva vida. 4. Nacimiento y desarrollo físico en los primeros tres años. 5. Desarrollo cognitivo en los primeros tres años. 6. Desarrollo psicosocial en los primeros tres años. <br/>Parte 3: Niñez temprana 7. Desarrollo físico y cognoscitivo en la niñez temprana. 8. Desarrollo psicosocial en la niñez temprana. Parte 4: Niñez media 9. Desarrollo físico y cognoscitivo en la niñez media. 10. Desarrollo psicosocial en la niñez media. <br/>Parte 5: Adolescencia 11. Desarrollo físico y cognoscitivo en la adolescencia. 12. Desarrollo psicosocial en la adolescencia. <br/>Parte 6: Adultez emergente y temprana 13. Desarrollo físico y cognoscitivo en la adultez emergente y temprana. 14. Desarrollo psicosocial en la adultez emergente y temprana. <br/>Parte 7: Adultez media 15. Desarrollo físico y cognoscitivo en la adultez media. 16. Desarrollo psicosocial en la adultez media. Parte 8: Adultez tardía 17. Desarrollo físico y cognoscitivo en la adultez tardía. 18. Desarrollo psicosocial en la adultez tardía. <br/>Parte 9: El final de la vida 19. Manejo de la muerte y el duelo. |
| 650 ## - Temas - Descriptores | |
| Temas - Descriptores | Adolescencia |
| 650 ## - Temas - Descriptores | |
| Temas - Descriptores | Niñez |
| 650 ## - Temas - Descriptores | |
| Temas - Descriptores | Desarrollo humano |
| 650 ## - Temas - Descriptores | |
| Temas - Descriptores | Estrategia de desarrollo |
| 653 ## - Palabras Claves | |
| Palabras Claves | Adultez |
| 710 ## - Autor Corporativo | |
| Unidad subordinada (R) | Martorell, Gabriela |
| 856 ## - URL - Ubicacion | |
| URI/URL | <a href="http://biblioteca.usfa.edu.bo/cgi-bin/koha/opac-retrieve-file.pl?id=1407259bf9f20c3389b572277f38eaba">http://biblioteca.usfa.edu.bo/cgi-bin/koha/opac-retrieve-file.pl?id=1407259bf9f20c3389b572277f38eaba</a> |
| 942 ## - ELEMENTOS DE KOHA | |
| Tipo de Documento | Documentos Electrónicos |
| Catalogador | OPW |
| Esquema de Clasificaci | |
No hay ítems disponibles.